000 04658cam a2200577 i 4500
001 19184091
003 OSt
005 20240626115619.0
008 160721s2010 enka b 001 0 eng d
010 _a 2016429152
016 7 _a015550139
_2Uk
020 _a9780850928730
_q(pbk.)
020 _a0850928737
_q(pbk.)
035 _a(OCoLC)ocn607472702
040 _aEQO
_beng
_cmust
_dUY0
_erda
_dRCJ
_dYDXCP
_dBTCTA
_dNDD
_dLML
_dCDX
_dUKMGB
_dBDX
_dOCLCF
_dBEDGE
_dS3O
_dOCLCQ
_dDLC
042 _alccopycat
043 _ab------
050 0 0 _aHQ1240
_b.T72 2010
082 0 4 _a381 TRA 2010
_222
245 0 0 _aTrading stories :
_bexperiences with gender and trade /
_cedited by Marilyn Carr and Mariama Williams.
260 _aLondon :
_bCommonwealth Secretariat,
_c©2010.
300 _axi, 282 pages :
_billustrations ;
_c24 cm
336 _atext
_btxt
_2rdacontent
337 _aunmediated
_bn
_2rdamedia
338 _avolume
_bnc
_2rdacarrier
504 _aIncludes bibliographical references (pages 267-269) and index.
505 0 0 _gPart one: The impact of trade on women.
_gIntroduction to part one /
_rMariama Williams --
_tA bitter pill to swallow : the effects of tariff reductions on sugar in Kenya /
_rYves Conze with Mariama Williams --
_tProfits fly the coop : gender impacts of trade liberalisation on the Jamaican poultry industry /
_rCarol Narcisse --
_tCan it be mended? : Kenya and the MFA phase-out /
_rPaul Kamau --
_tKnitting it together : India and the MFA phase-out /
_rPramod Dev --
_tA stitch in time? : AGOA and Lesotho's clothing sector /
_rMariama Williams and Marilyn Carr --
_tSlipping on a peel : the effects of changing trade regimes on the St. Lucia banana industry /
_rCarol Narcisse --
_tMoving forwards, falling backwards : GATS and the migration of skilled professionals from the Caribbean /
_rCarol Narcisse --
_tDigitalising it : women and trade in ICT in developing countries /
_rMariama Williams and Carol Narcisse --
_tPackaged to perfection : the SPS Agreement and aquaculture in Bangladesh /
_rMarilyn Carr and Sanae Ito --
_tSitting on the docks : the SPS Agreement and the fish industry in Uganda /
_rMay Sengendo --
_tLessons learned from part one /
_rMariama Williams --
_gPart two: Linking women with export markets.
_gIntroduction to part two /
_rMarilyn Carr --
_tRaising the bar on chocolate : cocoa farmers in Ghana shape the future /
_rPauline Tiffen --
_tCultivating organic coffee : challenges for small farmers in Jamaica /
_rDorienne Rowan-Campbell --
_tCorporate responsibility and the cashew nut industry : examples from India and Mozambique /
_radapted by Nazneen Kanji and Marilyn Carr --
_tSwazi secrets : indigenous products in the global marketplace /
_rNontokozo Nemarundwe [and others] --
_tA beautiful business : the case of Pure Fiji /
_rcompiled by Marilyn Carr from material supplied by Pure Fiji --
_tTrade is blooming : the case of the ramesh flowers in India /
_rAmit Lodha --
_tMaking money from honey : linking rural Ugandan women with export markets /
_rRachel Nadelman, Sarah Silliman and Marilyn Carr --
_tToehold in India : women artisans exporting leather sandals /
_rMadhura Chatrapathy --
_tStitching local to global : SEWA Trade Facilitation Centre /
_rReeema Nanavaty and Mona Dave --
_tCommunications and commerce : the role of ICT in linking women entrepreneurs with global markets /
_rNidhi Tandon and Giséle Yitamben --
_tLessons learned from part two /
_rMarilyn Carr.
650 0 _aWomen in development.
_91047
650 0 _aInternational trade.
_91473
650 0 _aFree trade.
_97332
650 0 _aBusinesswomen
_zCommonwealth countries.
_918018
650 0 _aWomen-owned business enterprises
_zCommonwealth countries.
_918019
650 7 _aGenre.
_2eclas
_918020
650 7 _aDéveloppement économique.
_2eclas
_918021
650 7 _aPolitique commerciale.
_2eclas
_918022
650 7 _aEtudes de cas.
_2eclas
_918023
650 7 _aPays en développement.
_2eclas
_918024
650 7 _aBusinesswomen.
_2fast
_0(OCoLC)fst00843013
_918025
650 7 _aFree trade.
_2fast
_0(OCoLC)fst00933944
_97332
650 7 _aInternational trade.
_2fast
_0(OCoLC)fst00977128
_91473
650 7 _aWomen in development.
_2fast
_0(OCoLC)fst01177865
_91047
650 7 _aWomen-owned business enterprises.
_2fast
_0(OCoLC)fst01179163
_918026
650 7 _aKvinnliga företagare.
_2sao
_918027
651 7 _aCommonwealth countries.
_2fast
_0(OCoLC)fst01240090
_918028
700 1 _aCarr, Marilyn.
_918029
700 1 _aWilliams, Mariama.
_918030
710 2 _aCommonwealth Secretariat.
_97533
906 _a7
_bcbc
_ccopycat
_d2
_encip
_f20
_gy-gencatlg
942 _2ddc
_cO_SHELF
999 _c8912
_d8912